000 00828nam a22002057a 4500
999 _c6153
_d6153
005 20260421090114.0
008 260421b ||||| |||| 00| 0 eng d
020 _a9781474800860
040 _cKH8
082 _a823.92 DIS
100 _aWALT DISNEY PRODUCTION
_eAUTHOR
245 _aTHE GOOD DINOSAUR
260 _aChartist House, 15-17 Trim Street, Bath BA1 1HA,UK
_bParragon Books Ltd
_c2015
300 _a125 pages
_bBlack and White Illustration
_c13cm x 19cm
520 _aRead along with Disney! What if dinosaurs never went extinct? Arlo has never left his family's farm. Then one day he falls into the river and is swept away from his home and everything he's ever known. -Library Thing-
650 _aDinosaurs
_vJuvenile Fiction
655 _aAdventure
700 _aCalahan,Sharon
_eIllustrator
942 _2ddc
_cFIC